Ground water in the Southington-Granby area, Connecticut, (Record no. 26089)

MARC details
000 -LEADER
fixed length control field 01220cam a22003011 4500
001 - CONTROL NUMBER
control field gs 21000186
003 - CONTROL NUMBER IDENTIFIER
control field DLC
005 - DATE AND TIME OF LATEST TRANSACTION
control field 20260227111325.0
007 - PHYSICAL DESCRIPTION FIXED FIELD--GENERAL INFORMATION
fixed length control field cr_|||||||||||
008 - FIXED-LENGTH DATA ELEMENTS--GENERAL INFORMATION
fixed length control field 841001s1921 dcuabf f000 0 eng c
010 ## - LIBRARY OF CONGRESS CONTROL NUMBER
LC control number gs 21000186
035 ## - SYSTEM CONTROL NUMBER
System control number (OCoLC)11216104
040 ## - CATALOGING SOURCE
Original cataloging agency U.S. Geol. survey. Library
Transcribing agency CLS
Modifying agency DLC
050 00 - LIBRARY OF CONGRESS CALL NUMBER
Classification number TC801
Item number .U2 no. 466
051 ## - LIBRARY OF CONGRESS COPY, ISSUE, OFFPRINT STATEMENT
Classification number GB1025.C8
Item number P34
100 1# - MAIN ENTRY--PERSONAL NAME
Personal name Palmer, Harold S.
Fuller form of name (Harold Schjoth),
Dates associated with a name 1890-
245 10 - TITLE STATEMENT
Title Ground water in the Southington-Granby area, Connecticut,
Statement of responsibility, etc. by Harold S. Palmer ...
260 ## - PUBLICATION, DISTRIBUTION, ETC.
Place of publication, distribution, etc. Washington,
Name of publisher, distributor, etc. Govt. Print. Off.,
Date of publication, distribution, etc. 1921.
300 ## - PHYSICAL DESCRIPTION
Extent 219 p.
Other physical details illus., VII pl. (incl. 3 fold. maps) tables, diagrs.
Dimensions 23 cm.
490 0# - SERIES STATEMENT
Series statement U.S. Geological survey. Water-supply paper
Volume/sequential designation 466
500 ## - GENERAL NOTE
General note Many of the plates printed on both sides of leaf.
500 ## - GENERAL NOTE
General note Two maps folded in pocket.
500 ## - GENERAL NOTE
General note Prepared in cooperation with the Connecticut geological and natural history survey.
530 ## - ADDITIONAL PHYSICAL FORM AVAILABLE NOTE
Additional physical form available note Also available in digital form on the Internet Archive Web site.
650 #0 - SUBJECT ADDED ENTRY--TOPICAL TERM
Topical term or geographic name entry element Water-supply
Geographic subdivision Connecticut.
710 2# - ADDED ENTRY--CORPORATE NAME
Corporate name or jurisdiction name as entry element State Geological and Natural History Survey of Connecticut.
856 41 - ELECTRONIC LOCATION AND ACCESS
Uniform Resource Identifier <a href="http://hdl.loc.gov/loc.gdc/scd0001.00199536655">http://hdl.loc.gov/loc.gdc/scd0001.00199536655</a>

No items available.

Powered by Koha